Higher or Lower - Featured Quizzes - Statistics

General Stats
  • This quiz has been taken 73 times
  • The average score is 8 of 15
Answer Stats
Hint Answer % Correct
Geography of the French Empire (14,134) or U.S. States by Church Attendance Higher
70%
2022 News Stories - Name the Country (18,596) or Roman Numeral Decoding Quiz Higher
70%
1950s Celebrities by Picture #2 (28,481) or Most Guessed Capitals on JetPunk Higher
70%
U.S. States by Church Attendance (22,921) or Biggest Cities in the World - Extreme Higher
69%
Biggest Cities in the World - Extreme (60,501) or Top 10 Coldest European Countries Higher
66%
1970s Music Trivia (23,313) or Flags of Countries of the World in 1910 Higher
61%
Top 10 Coldest European Countries (122,796) or 2022 News Stories - Name the Country Lower
59%
Roman Numeral Decoding Quiz (280,385) or Countries that Beat South Africa Lower
58%
Countries that Beat South Africa (17,283) or 1970s Music Trivia Higher
55%
Bodies of Water by Cities (19,909) or Metals of Antiquity Higher
55%
Do You Have A Good Verbal Memory? (25,556) or 1950s Celebrities by Picture #2 Higher
55%
The Only Remaining European Country . . . (29,886) or LeBron... or Kobe? Lower
41%
Metals of Antiquity (46,311) or Do You Have A Good Verbal Memory? Lower
38%
Flags of Countries of the World in 1910 (36,956) or The Only Remaining European Country . . . Lower
33%
LeBron... or Kobe? (23,881) or Bodies of Water by Cities Lower
31%
No matching quizzes found
Score Distribution
Percent of People with Each Score
Percentile by Number Answered
Your Score History
You have not taken this quiz